[Event "18e tournoi de Noël"]
[Site "Montigny le Bretonneux"]
[Date "2017.12.27"]
[Round "1.1"]
[White "Divies, Renaud"]
[Black "Belan, Pascal"]
[Result "1-0"]
[WhiteElo "1986"]
[BlackElo "1493"]
[Annotator "Rivier,Sylvain"]
[PlyCount "113"]
[EventDate "2017.??.??"]

{Défense Pirc} 1. e4 d6 2. d4 Nf6 3. Bd3 g6 4. Ne2 Bg7 5. O-O Nc6 6. c3 O-O 7.
f4 e5 8. Nd2 Bg4 9. Nf3 Nd7 10. fxe5 dxe5 11. Bg5 f6 12. Bh4 Qc8 13. b4 Kh8 14.
b5 Nd8 15. h3 Be6 16. d5 Bg8 17. Bf2 Nf7 18. c4 Re8 19. Nd2 Bf8 20. Nb3 Ng5 21.
Qd2 Bh6 22. Be3 Bg7 23. a4 Nf7 24. c5 f5 25. Nc3 f4 26. Bf2 Ng5 27. h4 Nf7 28.
c6 bxc6 29. bxc6 Nf6 30. Nc5 Qg4 31. Be2 Qc8 32. Rab1 Nd6 33. Rb7 Re7 34. Rfb1
a5 35. Qd1 Qd8 36. Qf1 Nh5 37. Bxh5 gxh5 38. R7b3 Rc8 39. Nd7 Qe8 40. Bc5 Rxd7
41. cxd7 Qxd7 42. Qf3 Nc4 43. Qe2 Nd6 44. Qxh5 Nc4 45. Qe2 Ne3 46. Rb8 Rxb8 47.
Rxb8 Ng4 48. Qb5 Qf7 49. Qe8 Qxe8 50. Rxe8 h6 51. Rc8 Bf6 52. h5 Ne3 53. Rxc7
Nc4 54. d6 Bd8 55. Rc8 Bb6 56. d7 Bxc5+ 57. Rxc5 1-0

[Event "18e tournoi de Noël"]
[Site "Montigny le Bretonneux"]
[Date "2017.12.27"]
[Round "1.2"]
[White "Bouloc, Roger"]
[Black "Drouot, Frederic"]
[Result "0-1"]
[WhiteElo "1427"]
[BlackElo "1919"]
[Annotator "Rivier,Sylvain"]
[PlyCount "52"]
[EventDate "2017.??.??"]

{Défense Pirc, variante classique} 1. e4 d6 2. d4 g6 3. Nf3 Bg7 4. Be3 Nf6 5.
Nc3 O-O 6. Be2 c6 7. Qd3 b6 8. O-O-O b5 9. h3 b4 10. Na4 Qa5 11. b3 Ba6 12. Qd2
Nxe4 13. Qe1 Bxe2 14. Qxe2 Nc3 15. Nxc3 bxc3 16. a4 Qb4 17. Kb1 Nd7 18. Ne1
Rfb8 19. Nd3 Qxa4 20. Nb2 Qb4 21. Nd3 Qb6 22. d5 c5 23. Nc1 a5 24. Na2 a4 25.
Qc4 axb3 26. Qxb3 Qa5 0-1

[Event "18e tournoi de Noël"]
[Site "Montigny le Bretonneux"]
[Date "2017.12.27"]
[Round "1.3"]
[White "Delmas-Goyon, Francois"]
[Black "Rouast, Joseph"]
[Result "1-0"]
[WhiteElo "1902"]
[BlackElo "1411"]
[Annotator "Rivier,Sylvain"]
[PlyCount "135"]
[EventDate "2017.??.??"]

{Défense française, variante Tarrasch fermée} 1. e4 e6 2. d4 d5 3. Nd2 Nf6 4.
e5 Nfd7 5. c3 c5 6. Ndf3 Nc6 7. Bd3 cxd4 8. cxd4 f6 9. exf6 Nxf6 10. Ne5 Bd6
11. Ngf3 O-O 12. O-O Qc7 13. Nxc6 bxc6 14. Qc2 c5 15. dxc5 Qxc5 16. h3 Qxc2 17.
Bxc2 e5 18. Bb3 Kh8 19. Re1 e4 20. Nd4 Bc5 21. Be3 Bxd4 22. Bxd4 Bb7 23. Rac1
Ne8 24. Red1 a6 25. Ba4 Rf7 26. Bb6 Nf6 27. Rc7 Rxc7 28. Bxc7 Rc8 29. Be5 h6
30. b4 Ba8 31. Bb3 Rd8 32. Kf1 Kg8 33. Ke2 Kf7 34. Rc1 Ke6 35. Bd4 Rd7 36. Ke3
Bb7 37. Ba4 Rf7 38. Bd1 Ne8 39. a4 Nd6 40. g4 Nc4+ 41. Ke2 Ne5 42. Rc3 Nc6 43.
Bc5 Ne5 44. Rg3 Rf3 45. Rxf3 Nxf3 46. Ke3 Ne5 47. Bd4 g5 48. Be2 Bc8 49. b5
axb5 50. Bxb5 Bb7 51. a5 Ba8 52. Bc5 Kf7 53. Bd6 Ng6 54. Kd4 Nf4 55. Bxf4 gxf4
56. Ke5 e3 57. fxe3 fxe3 58. Kd4 Kg6 59. h4 Kf6 60. a6 Ke6 61. Kxe3 Ke5 62. g5
hxg5 63. hxg5 Kf5 64. Bd7+ Kxg5 65. Bc8 Kf6 66. Bb7 Ke7 67. Bxa8 Kd7 68. Bxd5
1-0

[Event "18e tournoi de Noël"]
[Site "Montigny le Bretonneux"]
[Date "2017.12.27"]
[Round "1.4"]
[White "Ferreira Da Silva, Jose Candido"]
[Black "Appavou, Calixte"]
[Result "1/2-1/2"]
[WhiteElo "1390"]
[BlackElo "1896"]
[Annotator "Rivier,Sylvain"]
[PlyCount "107"]
[EventDate "2017.??.??"]

{Défense scandinave} 1. e4 d5 2. exd5 Nf6 3. d4 Nxd5 4. c4 Nb6 5. Nf3 c6 6. Be2
Bg4 7. b3 g6 8. O-O Bg7 9. Be3 O-O 10. Nbd2 N8d7 11. h3 Bxf3 12. Nxf3 Qc7 13.
Qd2 Rad8 14. Rad1 Nf6 15. Qa5 Nbd5 16. Qxc7 Nxc7 17. Bd3 Nd7 18. Rfe1 Rfe8 19.
Bf4 Ne6 20. Be3 Nb6 21. Bb1 Rd7 22. Re2 Red8 23. Red2 Nc7 24. Ne5 Bxe5 25. dxe5
Rxd2 26. Rxd2 Rxd2 27. Bxd2 e6 28. Bd3 Ne8 29. f4 f6 30. exf6 Nxf6 31. g4 Kf7
32. Kf1 Nc8 33. Ke2 b6 34. b4 Nd7 35. Be4 Ne7 36. a4 c5 37. bxc5 bxc5 38. Bb7
Kf6 39. Kd3 g5 40. Ke4 gxf4 41. Kxf4 h6 42. Be4 e5+ 43. Kg3 Nc8 44. Bc6 Ne7 45.
Be4 a5 46. h4 Nc8 47. Bc6 Ncb6 48. Bb5 Nc8 49. Bc6 Nd6 50. Bd5 Ne8 51. Kf3 Nd6
52. Ke3 Kg7 53. Kf3 Kf6 54. Ke3 1/2-1/2

[Event "18e tournoi de Noël"]
[Site "Montigny le Bretonneux"]
[Date "2017.12.27"]
[Round "1.5"]
[White "Benbakir, Chouaib"]
[Black "Montay, Jean-Paul"]
[Result "1-0"]
[WhiteElo "1817"]
[BlackElo "1360"]
[Annotator "Rivier,Sylvain"]
[PlyCount "65"]
[EventDate "2017.??.??"]

{Défense sicilienne, variante Taïmanov} 1. e4 c5 2. d4 cxd4 3. Nf3 Nc6 4. Nxd4
e6 5. Nc3 a6 6. Be3 Qc7 7. a3 Nf6 8. Be2 Be7 9. Qd2 O-O 10. O-O d6 11. f4 Nxd4
12. Bxd4 e5 13. Be3 Ng4 14. Nd5 Qd8 15. Bb6 Qd7 16. Bxg4 Qxg4 17. Nxe7+ Kh8 18.
Qxd6 Be6 19. f5 Bc4 20. Rfe1 f6 21. Qd2 Rf7 22. Nd5 Bb5 23. a4 Bc6 24. Qe2 Qh4
25. Bf2 Qh6 26. c4 g5 27. b4 g4 28. b5 Bxd5 29. cxd5 a5 30. Rac1 Rg8 31. Rc3
Rfg7 32. Rec1 Rg5 33. Be3 1-0

[Event "18e tournoi de Noël"]
[Site "Montigny le Bretonneux"]
[Date "2017.12.27"]
[Round "1.6"]
[White "Barbier, Guy"]
[Black "Guedira, Aimen"]
[Result "0-1"]
[WhiteElo "1359"]
[BlackElo "1804"]
[Annotator "Rivier,Sylvain"]
[PlyCount "66"]
[EventDate "2017.??.??"]

{éfense sicilienne, variante Löwenthal} 1. e4 c5 2. Nf3 Nc6 3. d4 cxd4 4. Nxd4
Nf6 5. Nc3 e5 6. Nf3 Bb4 7. Bd3 d5 8. O-O Bxc3 9. bxc3 dxe4 10. Ba3 Bg4 11.
Bxe4 Nxe4 12. Qd3 Qxd3 13. cxd3 Bxf3 14. dxe4 Bxe4 15. Rad1 Bf5 16. Rfe1 f6 17.
f3 Kf7 18. g4 Be6 19. Rd2 Rhd8 20. Rde2 Rd3 21. f4 Bxg4 22. Rf2 Rad8 23. fxe5
Rd1 24. e6+ Bxe6 25. Rfe2 Ne5 26. Kf1 Bh3+ 27. Kf2 Nd3+ 28. Kg3 Nxe1 29. Re7+
Kg6 30. Kxh3 R1d3+ 31. Kg4 h5+ 32. Kf4 Ng2+ 33. Ke4 Re3# 0-1

[Event "18e tournoi de Noël"]
[Site "Montigny le Bretonneux"]
[Date "2017.12.27"]
[Round "1.7"]
[White "Conq, Alain"]
[Black "Baltzer, Jean-Marc"]
[Result "1/2-1/2"]
[WhiteElo "1790"]
[BlackElo "1356"]
[Annotator "Rivier,Sylvain"]
[PlyCount "125"]
[EventDate "2017.??.??"]

{Dé Défense Benoni} 1. d4 Nf6 2. c4 c5 3. d5 e5 4. Nc3 d6 5. e4 Be7 6. g3 Nbd7
7. Bh3 O-O 8. Nf3 Ne8 9. O-O Nc7 10. Be3 a6 11. a4 Rb8 12. Qe2 Ne8 13. Rfb1 g6
14. b4 b6 15. a5 bxa5 16. bxa5 Rxb1+ 17. Nxb1 Ng7 18. Bh6 Nf6 19. Bxc8 Qxc8 20.
Bg5 Qd7 21. Bxf6 Bxf6 22. Qb2 Bd8 23. Nbd2 Bc7 24. Qb7 Qc8 25. Qc6 f5 26. Ng5
Re8 27. Rb1 Bxa5 28. Qxc8 Rxc8 29. Ndf3 Bb4 30. exf5 gxf5 31. Kf1 h6 32. Nh3
Kf7 33. Nhg1 Rg8 34. Ne2 Nh5 35. Nh4 Kf6 36. f3 Ng7 37. Nc1 Ne8 38. Ra1 a5 39.
Nb3 Nc7 40. Nxa5 Bxa5 41. Rxa5 Ra8 42. Rxa8 Nxa8 43. Ke2 Nb6 44. Kd3 Kg5 45.
Ng2 e4+ 46. fxe4 fxe4+ 47. Kc3 Kg4 48. Ne3+ Kf3 49. Kd2 h5 50. h4 Nc8 51. Nf5
e3+ 52. Ke1 Kg4 53. Ng7 Nb6 54. Ke2 Nxc4 55. Kd3 Nb6 56. Kxe3 Nxd5+ 57. Kd3 Nb6
58. Ne8 Nc8 59. Nf6+ Kxg3 60. Nxh5+ Kxh4 61. Nf6 Kg5 62. Ne4+ Kf5 63. Nxc5
1/2-1/2

[Event "18e tournoi de Noël"]
[Site "Montigny le Bretonneux"]
[Date "2017.12.27"]
[Round "1.8"]
[White "Fruchard, Alois"]
[Black "Plantet, Marc"]
[Result "0-1"]
[WhiteElo "1331"]
[BlackElo "1774"]
[Annotator "Rivier,Sylvain"]
[PlyCount "60"]
[EventDate "2017.??.??"]

{GAmbit dame, défense Tchigorine} 1. d4 d5 2. c4 Nc6 3. Nc3 dxc4 4. e4 Qxd4 5.
Qxd4 Nxd4 6. Bxc4 Nc2+ 7. Kd1 Nxa1 8. Bf4 Bg4+ 9. Kc1 O-O-O 10. f3 Bh5 11. Nb5
Nf6 12. Bxc7 Rd7 13. Be5 Nxe4 14. Nxa7+ Kd8 15. Ne2 Nd6 16. Bd3 f6 17. Bd4 e5
18. Bb6+ Ke8 19. Nb5 Bg6 20. Nxd6+ Bxd6 21. Bb5 Ke7 22. Bxd7 Kxd7 23. Nc3 Rc8
24. Kd2 Nc2 25. Na4 Nd4 26. Bxd4 Rc2+ 27. Ke3 exd4+ 28. Kxd4 Be5+ 29. Kd5 Bf7+
30. Ke4 Rc4+ 0-1

[Event "18e tournoi de Noël"]
[Site "Montigny le Bretonneux"]
[Date "2017.12.27"]
[Round "1.9"]
[White "Artieres, Michel"]
[Black "Thomas, Robert"]
[Result "1-0"]
[WhiteElo "1763"]
[BlackElo "1330"]
[Annotator "Rivier,Sylvain"]
[PlyCount "75"]
[EventDate "2017.??.??"]

{Défense sicilienne variante Najdorf} 1. e4 c5 2. Nf3 d6 3. d4 cxd4 4. Nxd4 Nf6
5. Nc3 a6 6. Be3 e5 7. Nb3 Be7 8. Be2 Nc6 9. g4 h6 10. f3 Be6 11. Qd2 Bxb3 12.
cxb3 Qc7 13. Nd5 Nxd5 14. exd5 Bh4+ 15. Kf1 Nd8 16. Rc1 Qe7 17. Bd3 O-O 18.
Bxh6 Qf6 19. Be3 Qxf3+ 20. Kg1 Qxg4+ 21. Qg2 Qxg2+ 22. Kxg2 f5 23. Rc7 e4 24.
Bb1 Rf6 25. Kh3 f4 26. Bd4 Bg5 27. Bxf6 Bxf6 28. Bxe4 Nf7 29. Kg2 Ne5 30. Rhc1
f3+ 31. Bxf3 Nxf3 32. Rc8+ Rxc8 33. Rxc8+ Kh7 34. Kxf3 b5 35. Rc6 Bxb2 36. Rxd6
a5 37. Rb6 b4 38. Rb5 1-0

[Event "18e tournoi de Noël"]
[Site "Montigny le Bretonneux"]
[Date "2017.12.27"]
[Round "1.10"]
[White "Tanchoux, Pierre"]
[Black "Toussaint, Antoine"]
[Result "0-1"]
[WhiteElo "1279"]
[BlackElo "1761"]
[Annotator "Rivier,Sylvain"]
[PlyCount "56"]
[EventDate "2017.??.??"]

{Gambit dame, défense Tarrasch} 1. d4 d5 2. c4 e6 3. Nf3 c5 4. e3 Nf6 5. Nc3
Nc6 6. cxd5 exd5 7. Bb5 a6 8. Ba4 Bg4 9. h3 Bh5 10. Bc2 h6 11. g4 Bg6 12. Bxg6
fxg6 13. b3 cxd4 14. Nxd4 Bb4 15. Bd2 Nxd4 16. exd4 Bxc3 17. Qe2+ Kf7 18. O-O-O
Qa5 19. Bxc3 Qxc3+ 20. Qc2 Qa1+ 21. Kd2 Qxd4+ 22. Ke2 Rhe8+ 23. Kf1 Qf4 24. Kg2
Re7 25. Rd3 Qe4+ 26. Kg3 Qxh1 27. Rf3 Qg1+ 28. Kh4 g5# 0-1

[Event "18e tournoi de Noël"]
[Site "Montigny le Bretonneux"]
[Date "2017.12.27"]
[Round "1.11"]
[White "Fayolle, Guy"]
[Black "Chaintreau, Thomas"]
[Result "1-0"]
[WhiteElo "1742"]
[BlackElo "1228"]
[Annotator "Rivier,Sylvain"]
[PlyCount "67"]
[EventDate "2017.??.??"]

{Défense française, variante d'avance} 1. e4 e6 2. d4 d5 3. e5 c5 4. c3 Nc6 5.
Nf3 b6 6. Bb5 Bd7 7. Qa4 Qc8 8. Na3 a6 9. Bxc6 Bxc6 10. Qd1 cxd4 11. Qxd4 Bc5
12. Qg4 Bf8 13. Nc2 Ne7 14. Ncd4 g6 15. Bg5 Qc7 16. Bf6 Rg8 17. Ng5 O-O-O 18.
Nxc6 Qxc6 19. Nxf7 Rd7 20. Nd6+ Rxd6 21. exd6 Qxd6 22. O-O h5 23. Qa4 b5 24.
Qd4 Nf5 25. Qa7 h4 26. Rfe1 Nh6 27. Qa8+ Qb8 28. Qc6+ Qc7 29. Qxa6+ Qb7 30.
Qxe6+ Qd7 31. Qa6+ Qb7 32. Re8+ Kc7 33. Be5+ Bd6 34. Qxd6# 1-0

[Event "18e tournoi de Noël"]
[Site "Montigny le Bretonneux"]
[Date "2017.12.27"]
[Round "1.12"]
[White "Boucher, Francis"]
[Black "Verat-Fayolle, Celian"]
[Result "0-1"]
[WhiteElo "1224"]
[BlackElo "1710"]
[Annotator "Rivier,Sylvain"]
[PlyCount "76"]
[EventDate "2017.??.??"]

{Gambit dame, défense Tarrasch} 1. d4 d5 2. c4 e6 3. Nf3 c5 4. Nc3 Nc6 5. Bf4
Nf6 6. e3 Be7 7. h3 O-O 8. Qc2 cxd4 9. exd4 dxc4 10. O-O-O Nd5 11. Nxd5 exd5
12. g4 Nb4 13. Qb1 Qa5 14. a3 Nc6 15. Bd2 Qa6 16. Bg2 Na5 17. Bxa5 Qxa5 18.
Rhe1 Bd6 19. Re2 Bf4+ 20. Nd2 c3 21. bxc3 Qxc3+ 22. Qc2 Qxa3+ 23. Qb2 Qxb2+ 24.
Kxb2 Bxd2 25. Rdxd2 Be6 26. Re5 Rfd8 27. Rc2 Rd6 28. Kb3 Kf8 29. f4 f6 30. Rh5
h6 31. g5 fxg5 32. fxg5 Rc8 33. gxh6 Rb6+ 34. Ka4 Rxc2 35. Ka3 Rxg2 36. h7 Rg3+
37. Ka4 Bd7+ 38. Ka5 Ra3# 0-1

[Event "18e tournoi de Noël"]
[Site "Montigny le Bretonneux"]
[Date "2017.12.27"]
[Round "1.13"]
[White "Grandjean, Anthony"]
[Black "Jen, Jin-Xian-Koki"]
[Result "1-0"]
[WhiteElo "1687"]
[BlackElo "1169"]
[Annotator "Rivier,Sylvain"]
[PlyCount "77"]
[EventDate "2017.??.??"]

{Partie viennoise} 1. e4 e5 2. Nc3 Bb4 3. Bc4 Nf6 4. d3 c6 5. Bd2 Bxc3 6. bxc3
d5 7. exd5 cxd5 8. Bb3 Nc6 9. Nf3 O-O 10. O-O Re8 11. Bg5 Be6 12. Re1 h6 13.
Bh4 Bg4 14. h3 Bh5 15. g4 g5 16. Bg3 Nxg4 17. hxg4 Bxg4 18. Kg2 e4 19. dxe4
dxe4 20. Qxd8 Raxd8 21. Nh2 Bh5 22. Ba4 f5 23. Bc7 Rc8 24. Bxc6 bxc6 25. Bd6
Rcd8 26. Bc5 a6 27. Nf1 f4 28. Rab1 Bf3+ 29. Kg1 Rd5 30. Ba3 Red8 31. Nh2 Bh5
32. Rxe4 f3 33. Re6 g4 34. Rxh6 Rg5 35. Nf1 Kf7 36. Rxc6 Rdg8 37. Ng3 Bg6 38.
Rb7+ Ke8 39. Rc8# 1-0

[Event "18e tournoi de Noël"]
[Site "Montigny le Bretonneux"]
[Date "2017.12.27"]
[Round "1.14"]
[White "Belan, Guillaume"]
[Black "Benbakir, Ameur"]
[Result "0-1"]
[WhiteElo "1135"]
[BlackElo "1524"]
[Annotator "Rivier,Sylvain"]
[PlyCount "152"]
[EventDate "2017.??.??"]

{Défense est-indienne} 1. Nf3 Nf6 2. d4 g6 3. c4 Bg7 4. Nc3 d6 5. Bf4 Nbd7 6.
e4 O-O 7. e5 Nh5 8. Qd2 Nxf4 9. Qxf4 c6 10. Bd3 Qc7 11. exd6 Qxd6 12. Qxd6 exd6
13. O-O Nf6 14. b4 Bg4 15. Ne2 Bxf3 16. gxf3 Nh5 17. Rab1 b6 18. d5 cxd5 19.
cxd5 Bh6 20. a4 Nf4 21. Nxf4 Bxf4 22. Rfe1 Rfe8 23. Bb5 Re5 24. Rxe5 Bxe5 25.
Bc6 Rc8 26. a5 bxa5 27. bxa5 Bd4 28. Kg2 Rc7 29. Rb8+ Kg7 30. a6 Kf6 31. Rb7
Re7 32. Kg3 Re2 33. Rd7 Bxf2+ 34. Kg4 h5+ 35. Kh3 Bc5 36. Rd8 Ra2 37. Bb7 Ra1
38. Re8 Rg1 39. Re4 g5 40. Bc8 Rd1 41. Bb7 Rd4 42. Rxd4 Bxd4 43. Kg3 Be5+ 44.
Kg2 Kf5 45. Bc8+ Kf4 46. Bd7 f6 47. h3 h4 48. Bg4 Ke3 49. Bf5 Kd4 50. Be6 Bg3
51. Kf1 Ke3 52. Bg4 Kf4 53. Ke2 f5 54. Bh5 Bh2 55. Bg6 g4 56. fxg4 fxg4 57.
hxg4 Kxg4 58. Bf7 Kg3 59. Be6 Bg1 60. Kd3 h3 61. Bxh3 Kxh3 62. Kc4 Kg4 63. Kb5
Kf5 64. Kc4 Ke5 65. Kd3 Kxd5 66. Kc3 Kc5 67. Kd3 d5 68. Kc3 d4+ 69. Kd3 Kb6 70.
Ke2 Kxa6 71. Kf1 Be3 72. Ke2 Kb5 73. Kd3 Kb6 74. Kc2 a5 75. Kb2 a4 76. Kb1 d3
0-1

[Event "18e tournoi de Noël"]
[Site "Montigny le Bretonneux"]
[Date "2017.12.27"]
[Round "1.15"]
[White "Boet, Luc"]
[Black "Chaintreau, Maxime"]
[Result "1/2-1/2"]
[WhiteElo "1512"]
[BlackElo "1097"]
[Annotator "Rivier,Sylvain"]
[PlyCount "89"]
[EventDate "2017.??.??"]

{Défense russe, variante moderne} 1. e4 e5 2. Nf3 Nf6 3. d4 Nxe4 4. Bd3 d5 5.
dxe5 Bf5 6. O-O Nc6 7. Bb5 g6 8. Bf4 a6 9. Ba4 b5 10. Bb3 d4 11. Nbd2 Nc5 12.
Ng5 Nxb3 13. Nxb3 Be7 14. Nf3 d3 15. cxd3 Bxd3 16. Re1 Nb4 17. Re3 Bc2 18. Qc1
Bd3 19. Qc3 O-O 20. Bh6 Re8 21. e6 f6 22. a3 Nd5 23. Qxd3 Nxe3 24. Qxe3 g5 25.
Re1 Qd5 26. Rc1 Bd8 27. Nc5 c6 28. Qc3 Ra7 29. Qc2 Bb6 30. Nd7 Bd8 31. Nc5 Bb6
32. b4 a5 33. h3 a4 34. Rd1 Qc4 35. Qf5 Bxc5 36. Qxc5 Qxc5 37. bxc5 Rae7 38. h4
g4 39. Nh2 Rxe6 40. Be3 f5 41. g3 Re4 42. Rd6 R8e6 43. Rd8+ Re8 44. Rd6 R8e6
45. Rd8+ 1/2-1/2

[Event "18e tournoi de Noël"]
[Site "Montigny le Bretonneux"]
[Date "2017.12.27"]
[Round "2.1"]
[White "Toussaint, Antoine"]
[Black "Divies, Renaud"]
[Result "0-1"]
[WhiteElo "1761"]
[BlackElo "1986"]
[Annotator "Rivier,Sylvain"]
[PlyCount "72"]
[EventDate "2017.??.??"]

{Défense sicilienne, variante Alapine} 1. e4 c5 2. c3 Nf6 3. e5 Nd5 4. Nf3 Nc6
5. d4 cxd4 6. Na3 e6 7. cxd4 a6 8. Bc4 Ndb4 9. O-O b5 10. Be2 Bb7 11. Bg5 Qb6
12. Qd2 h6 13. Be3 Nd5 14. Nc2 d6 15. Rac1 Rd8 16. Rfd1 dxe5 17. Nxe5 Nxe5 18.
dxe5 Nxe3 19. Qxd8+ Qxd8 20. Rxd8+ Kxd8 21. Nxe3 Bb4 22. a3 Ba5 23. a4 Bc7 24.
axb5 axb5 25. Rc5 b4 26. Kf1 Re8 27. Rb5 Ba6 28. Rxb4 Bxe2+ 29. Kxe2 Bxe5 30.
Nc4 Bc7 31. h3 Kd7 32. Kd3 Kc6 33. Na3 Rd8+ 34. Kc2 Bd6 35. Rg4 g5 36. b4 Bf4
0-1

[Event "18e tournoi de Noël"]
[Site "Montigny le Bretonneux"]
[Date "2017.12.27"]
[Round "2.2"]
[White "Drouot, Frederic"]
[Black "Artieres, Michel"]
[Result "1-0"]
[WhiteElo "1919"]
[BlackElo "1763"]
[Annotator "Rivier,Sylvain"]
[PlyCount "81"]
[EventDate "2017.??.??"]

{Défense Philidor} 1. d4 Nf6 2. Nf3 d6 3. Nc3 Nbd7 4. e4 e5 5. dxe5 dxe5 6. Bc4
Be7 7. O-O O-O 8. Qe2 c6 9. a4 Qc7 10. h3 Nc5 11. b3 Ne6 12. Bxe6 Bxe6 13. Ba3
Bxa3 14. Rxa3 a5 15. Raa1 b6 16. Rfd1 Bc8 17. Qe3 Ba6 18. Rd2 Nd7 19. Rad1 Nc5
20. Rd6 f6 21. Qd2 Rf7 22. Nh4 Nb7 23. Rd7 Rxd7 24. Qxd7 Qxd7 25. Rxd7 Nc5 26.
Rd6 Rc8 27. Nf5 Kf8 28. f3 Kf7 29. Rd2 Kf8 30. Kf2 g6 31. Ne3 Ke7 32. Ke1 Ne6
33. Ne2 Rd8 34. Rxd8 Kxd8 35. c4 Nd4 36. Nxd4 exd4 37. Ng4 Ke7 38. Kd2 Bc8 39.
Nf2 c5 40. Nd3 h5 41. Ke2 1-0

[Event "18e tournoi de Noël"]
[Site "Montigny le Bretonneux"]
[Date "2017.12.27"]
[Round "2.3"]
[White "Verat-Fayolle, Celian"]
[Black "Delmas-Goyon, Francois"]
[Result "0-1"]
[WhiteElo "1710"]
[BlackElo "1902"]
[Annotator "Rivier,Sylvain"]
[PlyCount "76"]
[EventDate "2017.??.??"]

{Défense sicilienne, attaque Canal-sokolsky} 1. e4 c5 2. Nf3 d6 3. Bb5+ Bd7 4.
Bxd7+ Qxd7 5. O-O Nc6 6. c3 Nf6 7. Re1 e6 8. d4 cxd4 9. cxd4 d5 10. e5 Ne4 11.
Nbd2 Nxd2 12. Bxd2 Be7 13. Bg5 O-O 14. Re3 Bxg5 15. Nxg5 h6 16. Rh3 Rfc8 17.
Nf3 Ne7 18. Qd2 Qc6 19. Ne1 a5 20. Rc3 Qa6 21. Rac1 Rxc3 22. Rxc3 Nc6 23. f3
Qa7 24. Nc2 Nxe5 25. Rc7 Qb6 26. Rc5 Nd7 27. Rc3 Qd6 28. Na3 Nb6 29. Rc5 Na4
30. Rb5 b6 31. Qc2 Qf4 32. Qxa4 Qe3+ 33. Kf1 Rc8 34. Nc2 Qd3+ 35. Kf2 Rxc2+ 36.
Kg3 Qg6+ 37. Kh3 Qxg2+ 38. Kh4 Qxh2+ 0-1

[Event "18e tournoi de Noël"]
[Site "Montigny le Bretonneux"]
[Date "2017.12.27"]
[Round "2.4"]
[White "Benbakir, Ameur"]
[Black "Benbakir, Chouaib"]
[Result "0-1"]
[WhiteElo "1524"]
[BlackElo "1817"]
[Annotator "Rivier,Sylvain"]
[PlyCount "75"]
[EventDate "2017.??.??"]

{Défe Défense sicilienne, variante Rossolimo} 1. e4 d6 2. Nf3 Nf6 3. Nc3 g6 4.
Bc4 Bg7 5. O-O O-O 6. h3 c5 7. d3 Nc6 8. a3 b6 9. Be3 Bb7 10. Qd2 a6 11. Bh6
Nd4 12. Nxd4 cxd4 13. Ne2 e5 14. Bxg7 Kxg7 15. Rfe1 b5 16. Ba2 Rc8 17. Ng3 h6
18. Rac1 d5 19. f3 dxe4 20. Nxe4 Bxe4 21. fxe4 Nh5 22. Qe2 Qg5 23. Qf3 Rc6 24.
Qg4 Qxg4 25. hxg4 Nf6 26. Bd5 Rd6 27. g5 hxg5 28. Bb3 Ng4 29. Rcd1 f5 30. Bd5
Ne3 31. Rd2 Nxd5 32. exd5 Rxd5 33. Kh2 a5 34. Rde2 Kf6 35. g3 Rc8 36. Rf1 Rdc5
37. Rff2 R5c7 38. g4 0-1

[Event "18e tournoi de Noël"]
[Site "Montigny le Bretonneux"]
[Date "2017.12.27"]
[Round "2.5"]
[White "Guedira, Aimen"]
[Black "Fayolle, Guy"]
[Result "1-0"]
[WhiteElo "1804"]
[BlackElo "1742"]
[Annotator "Rivier,Sylvain"]
[PlyCount "109"]
[EventDate "2017.??.??"]

{Défense des deux cavaliers} 1. e4 e5 2. Nf3 Nc6 3. Bc4 Nf6 4. d3 Be7 5. c3 d6
6. b4 O-O 7. O-O Be6 8. Nbd2 d5 9. Bb3 dxe4 10. dxe4 Bxb3 11. Qxb3 b5 12. Re1
Qd7 13. Nf1 Qg4 14. h3 Qg6 15. Ng3 Nd7 16. Nf5 Rfe8 17. a4 bxa4 18. Qxa4 Qe6
19. Qa2 Qxa2 20. Rxa2 a6 21. Be3 Nf6 22. Nd2 Reb8 23. Rea1 a5 24. Nxe7+ Nxe7
25. Rxa5 Rxa5 26. bxa5 Nc6 27. a6 Nd7 28. a7 Ra8 29. Ra6 Nd8 30. Nc4 Kf8 31.
Na5 Ke7 32. c4 f6 33. c5 Ke8 34. Nc4 Ke7 35. c6 Nf8 36. Na5 Nfe6 37. Nb7 Ke8
38. Nxd8 Kxd8 39. Ra4 Kc8 40. g3 Nd8 41. Rc4 Ne6 42. f4 exf4 43. gxf4 g6 44.
Kf2 Kd8 45. f5 gxf5 46. exf5 Ng7 47. Rb4 Kc8 48. Rg4 Ne8 49. Ke2 Kd8 50. Bc5
Kc8 51. Rg8 Kd8 52. h4 Rc8 53. Rh8 Ra8 54. Rxh7 Rc8 55. Be7# 1-0

[Event "18e tournoi de Noël"]
[Site "Montigny le Bretonneux"]
[Date "2017.12.27"]
[Round "2.6"]
[White "Plantet, Marc"]
[Black "Rayeh, Anas"]
[Result "1-0"]
[WhiteElo "1774"]
[BlackElo "1060"]
[Annotator "Rivier,Sylvain"]
[PlyCount "45"]
[EventDate "2017.??.??"]

{Défense des deux cavaliers} 1. e4 e5 2. Nf3 Nc6 3. Bc4 Nf6 4. Ng5 Qe7 5. Bxf7+
Kd8 6. Bb3 d6 7. Nf7+ Ke8 8. Nc3 Bg4 9. f3 Be6 10. Bxe6 Qxe6 11. Nxh8 Qg8 12.
d4 exd4 13. Nb5 Rc8 14. Bg5 Be7 15. Nxd4 Qxh8 16. O-O h6 17. Nxc6 bxc6 18. Be3
Ra8 19. Qe2 d5 20. Rad1 dxe4 21. fxe4 Nxe4 22. Qh5+ g6 23. Qxg6# 1-0

[Event "18e tournoi de Noël"]
[Site "Montigny le Bretonneux"]
[Date "2017.12.27"]
[Round "2.7"]
[White "Appavou, Calixte"]
[Black "Grandjean, Anthony"]
[Result "1-0"]
[WhiteElo "1896"]
[BlackElo "1687"]
[Annotator "Rivier,Sylvain"]
[PlyCount "59"]
[EventDate "2017.??.??"]

{Défense Caro-Kann, variante d'avance} 1. e4 c6 2. d4 d5 3. e5 g6 4. f4 Bg4 5.
Qxg4 Bg7 6. Bd3 e6 7. Ne2 Nd7 8. Nd2 h5 9. Qf3 c5 10. c3 c4 11. Bc2 b5 12. a4
a5 13. axb5 Nb6 14. b3 cxb3 15. Nxb3 Nc4 16. Nd2 Qc8 17. Nxc4 Qxc4 18. Qd3 Qxd3
19. Bxd3 Kd7 20. Ba3 Kc7 21. O-O Nh6 22. c4 Ng4 23. Bd6+ Kd7 24. c5 h4 25. h3
Ne3 26. Rf3 Nf5 27. c6+ Kc8 28. Bxf5 gxf5 29. b6 Ra6 30. b7+ 1-0

[Event "18e tournoi de Noël"]
[Site "Montigny le Bretonneux"]
[Date "2017.12.27"]
[Round "2.9"]
[White "Baltzer, Jean-Marc"]
[Black "Boet, Luc"]
[Result "1-0"]
[WhiteElo "1356"]
[BlackElo "1512"]
[Annotator "Rivier,Sylvain"]
[PlyCount "61"]
[EventDate "2017.??.??"]

{Ouverture anglaise, variante sicilienne inversée} 1. c4 e5 2. Nc3 Nc6 3. e4
Nf6 4. g3 Bb4 5. Bg2 d6 6. h3 a6 7. Nge2 Rb8 8. O-O O-O 9. Kh2 Bc5 10. f4 exf4
11. gxf4 Nd4 12. Nxd4 Bxd4 13. Ne2 Ba7 14. d4 b5 15. b3 Bb7 16. Qc2 Qd7 17. Bb2
Bc8 18. f5 Ne8 19. Rg1 f6 20. Bf3 g6 21. Rg3 d5 22. cxd5 Kf7 23. Bg4 Qd6 24.
fxg6+ hxg6 25. Bf3 Qd8 26. e5 Bf5 27. Qd2 Rh8 28. Nf4 fxe5 29. dxe5 g5 30. e6+
Ke7 31. Bxh8 1-0

[Event "18e tournoi de Noël"]
[Site "Montigny le Bretonneux"]
[Date "2017.12.27"]
[Round "2.10"]
[White "Belan, Pascal"]
[Black "Ferreira Da Silva, Jose Candido"]
[Result "1-0"]
[WhiteElo "1493"]
[BlackElo "1390"]
[Annotator "Rivier,Sylvain"]
[PlyCount "69"]
[EventDate "2017.??.??"]

{Défense sicilienne, variante Alapine} 1. e4 c5 2. c3 d5 3. exd5 Qxd5 4. d4 Nc6
5. Nf3 Bg4 6. Be2 O-O-O 7. O-O cxd4 8. c4 Qc5 9. Bd3 Nf6 10. a3 e5 11. b4 Qd6
12. Nbd2 g6 13. Re1 Bh6 14. c5 Qd7 15. Nc4 Bxc1 16. Rxc1 Rhe8 17. Nd6+ Kb8 18.
Nxe8 Rxe8 19. Be4 Nxe4 20. Rxe4 f5 21. Rxg4 fxg4 22. Ng5 h6 23. Ne4 h5 24. Nf6
Qe7 25. Nxe8 Qxe8 26. Qd2 a6 27. Re1 Qe6 28. Qd3 Qf5 29. Qe4 Qe6 30. Qb1 Qf5
31. Qb2 Qd3 32. a4 Qc4 33. b5 Qc3 34. Qxc3 dxc3 35. bxc6 1-0